000 01339nam a2200289Ia 4500
003 OSt
005 20211105101429.0
008 210310s1981 sp ad fr 001 0dspa d
020 _a8485855043
040 _aCO-JMCR
_cCO-JMCR
041 1 _aspa
_heng
082 0 4 _a339.4 /
_bD713m
_223
100 1 _aDornbusch, Rudiger,
_918042
_eautor
245 1 3 _aLa macroeconomía de una economía abierta /
_cRudiger Dornbusch ; traducción de Juan Miguel Cortés
260 _aBarcelona :
_bAntonio Bosch,
_c1981
300 _axvi, 316 páginas :
_bilustraciones y gráficas a blanco y negro ;
_c21 cm.
490 0 _aEconomía ;
_v8
500 _aIncluye índice de materias, notas a pie de página y datos biográficos del autor. Título original: Open Economy Macroeconomics
504 _aBibliografía al final de cada capítulo.
505 0 _aEmpleo, balanza comercial y precios relativos -- El dinero y el ajuste de los pagos exteriores -- Mercados de activos, movilidad del capital y política de estabilización -- El equilibrio de cartera y la balanza por cuenta corriente
546 _aTraducido del inglés.
650 1 4 _aMacroeconómica
_918044
650 2 4 _aRelaciones económicas internacionales
_95216
650 2 4 _aFinanzas internacionales
_95881
700 1 _aCortés, Juan Miguel,
_etraductor
_941433
942 _2ddc
_cBK
999 _c8704
_d8704